Pulitzer Prizes.

Bibliographic Details
Format: Journal
Language:English
Published: New York, NY : Simon & Schuster, [1987-]
Subjects:
Online Availability: Check for online availability

MARC

Tag First Indicator Second Indicator Subfields
LEADER 00000cas a2200000 a 4500
001 in00000772221
005 20151017052149.0
008 871110c19879999nyuar1p |||| 0uuua0eng d
010 |a  88641507   |z sn87-3603 
019 |a 17388262  |a 17494929 
022 0 |a 0896-2197 
035 |a (OCoLC)16961420 
035 |9 ADK9124AM 
040 |a NSD  |c NSD  |d OCL  |d DLC  |d IUL  |d DLC  |d NST  |d TXA  |d UtOrBLW 
042 |a nsdp  |a lc 
043 |a n-us--- 
049 |a TXAE 
050 0 0 |a PN4722  |b .P84 
222 0 |a Pulitzer Prizes 
245 0 0 |a Pulitzer Prizes. 
264 1 |a New York, NY :  |b Simon & Schuster,  |c [1987-] 
264 4 |c ©1987- 
300 |a volumes :  |b illustrations ;  |c 24 cm. 
310 |a Annual 
336 |a text  |b txt  |2 rdacontent 
337 |a unmediated  |b n  |2 rdamedia 
338 |a volume  |b nc  |2 rdacarrier 
362 0 |a Vol. 1 (1987)- 
650 0 |a Journalism  |z United States. 
650 0 |a Pulitzer Prizes. 
650 0 |a Reportage literature, American. 
999 |a MARS 
999 f f |s 04f965f8-da5d-3442-93f8-c3e76672bb6a  |i 0633e084-2e3b-3e95-89bc-2e12c874011e  |t 0 
952 f f |p normal  |a Texas A&M University  |b College Station  |c Sterling C. Evans Library  |d Evans: Library Stacks  |t 0  |e PN4722 .P84  |h Library of Congress classification  |i unmediated -- volume  |k v.1  |l 1987  |m A14811279766 
998 f f |a PN4722 .P84  |s v. 1 <1987>  |t 0  |l Evans: Library Stacks